Slovensko a Európa v roku 1948 /

Hlavní autor: Syrný, Marek, 1977-
Jazyk: Slovenština
Čeština
Vydáno: Banská Bystrica : Múzeum Slovenského národného povstania v Banskej Bystrici v spolupráci s Fakultou politických vied a medzinárodných vzťahov UMB v Banskej Bystrici a Vojenským historickým ústavom v Bratislave, 2018
Témata:
Fyzický popis: 309 stran ; 23 cm
Language note: Částečně český text, anglické resumé
Knihy
Uloženo v:
LEADER 01938nam a2200493 i 4500
001 001708308
003 CZ BrMZK
005 20191204094513.0
007 ta
008 190923s2018 xo e 001 0 slo
020 |a 978-80-89514-56-4  |q (vázáno) 
040 |a BOA001  |b cze  |e rda 
041 0 |a slo  |a cze  |b eng 
043 |a e-xo---  |a e------ 
045 |a x4x4 
072 7 |a 94(437)  |x Dějiny Česka a Slovenska  |2 Konspekt  |9 8 
080 |a 94(437)"1948"  |2 MRF 
080 |a 328/329  |2 MRF 
080 |a 338  |2 MRF 
080 |a 323  |2 MRF 
080 |a 94(437.6)  |2 MRF 
080 |a 94(4)  |2 MRF 
080 |a (082)  |2 MRF 
100 1 |a Syrný, Marek,  |d 1977-  |7 js20051114015  |4 aut 
245 1 0 |a Slovensko a Európa v roku 1948 /  |c Marek Syrný a kolektív 
264 1 |a Banská Bystrica :  |b Múzeum Slovenského národného povstania v Banskej Bystrici v spolupráci s Fakultou politických vied a medzinárodných vzťahov UMB v Banskej Bystrici a Vojenským historickým ústavom v Bratislave,  |c 2018 
300 |a 309 stran ;  |c 23 cm 
336 |a text  |b txt  |2 rdacontent 
337 |a bez média  |b n  |2 rdamedia 
338 |a svazek  |b nc  |2 rdacarrier 
504 |a Obsahuje bibliografii, bibliografické odkazy a rejstřík 
546 |a Částečně český text, anglické resumé 
648 7 |a 1948  |7 ch460659  |2 czenas 
650 0 7 |a Únor (1948 : Československo)  |7 ph128075  |2 czenas 
651 7 |a Slovensko  |7 ge128580  |x politika a vláda  |y 1948  |2 czenas 
651 7 |a Slovensko  |7 ge128580  |x hospodářské poměry  |y 1948  |2 czenas 
651 7 |a Slovensko  |7 ge128580  |x společnost a politika  |y 1948  |2 czenas 
651 7 |a Slovensko  |7 ge128580  |x dějiny  |y 1948  |2 czenas 
651 7 |a Evropa  |7 ge137210  |x dějiny  |y 1948  |2 czenas 
655 7 |a sborníky  |7 fd724344  |2 czenas 
910 |a BOA001  |b 2-1433.378 
990 |a BK 
991 |b 201912  |c NOV 
996 7 |b 2610795785  |c 2-1433.378  |l MZK  |r Sklad / do 1 hodiny  |n 0  |p kupz  |w 001756869  |u 000010  |a 1  |e BOA001  |j MZK50  |s A